000 00451nam a2200181Ia 4500
008 230917s9999||||xx |||||||||||||| ||und||
020 _cGBP39.99
040 _e243415
_aMAIN
041 _aEnglish
082 _a338.4791 F36E(4)
100 _aFennell, David A
245 0 _aEcotourism
250 _a4th ed.
260 _aLondon
_bRoutledge
_c2015
300 _a336 p.
500 _a2933 20/11/2017 RBP17/67942 28/11/2017 IHTM (SFS)
942 _cBK
999 _c24595
_d24595